| 000 | 00937nam a2200301Ia 4500 | ||
|---|---|---|---|
| 001 | dia_268 | ||
| 003 | CHAP | ||
| 005 | 20221213090615.0 | ||
| 008 | 220117s1997 xx 000 0 und d | ||
| 010 | _a170820 | ||
| 020 | _a84-200-0837-0 | ||
| 040 | _cCHAP | ||
| 082 | _a621.56 B63 1997 | ||
| 100 |
_aBoast, Michael _9148007 |
||
| 245 |
_aRefrigeración : libro de bolsillo / _c Michael Boast ; traducción José Francisco Beltrán Juberías |
||
| 260 |
_aZaragoza, España : _b Acribia, _c1997 |
||
| 300 | _aviii, 495 p. | ||
| 500 | _aTítulo original: Newnes Rrefrigeration Pocket Book | ||
| 503 | _aC/e | ||
| 590 | _aTP492 B63 1997 | ||
| 650 |
_aRefrigeración _995611 |
||
| 650 |
_aRefrigeration _9146930 |
||
| 700 |
_aBeltrán Juberías, José Francisco, tr. _9148008 |
||
| 901 | _a621.56 B63 1997 | ||
| 902 | _aM | ||
| 905 | _a5232271997 sp admn8222223322spa16 | ||
| 942 |
_cLIBRO _2ddc |
||
| 999 |
_c170820 _d170820 |
||